00379nam a22001217a 4500020000800000040001600008082001700024100002600041245009000067250001200157260004700169300004100216 qPB. cFizza Ishaq a174.915bMAT aCanter, B. Mathilda.  aEthics for Psychologists: A Commentary on the Apa Ethics Code /c Mathilda B. Canter. a1st Ed. aNew York :bAmer Psychological Assnc1994. a254 p, ;c7.25 x 0.75 x 10.25 inches